000 00515nam a22001577a 4500
005 20260423135502.0
008 260423b |||||||| |||| 00| 0 eng d
020 _a9789780694883
050 _aPR9387.9
_b.A35
100 _aAkachi Adimora-Ezeigbo
245 _aBarmaid and the Witches of Izunga: A Play
260 _aIbadan
_bUniversity press plc
_c2010
300 _axi, 50p.
650 _aEnglish Literature
_vAfrican literature in English
_xWitchcraft beliefs and cultural practices—Fiction/Drama
942 _cBK
999 _c4692
_d4692